<?xml version="1.0" encoding="UTF-8"?>
<record
    xmlns:xsi="http://www.w3.org/2001/XMLSchema-instance"
    xsi:schemaLocation="http://www.loc.gov/MARC21/slim http://www.loc.gov/standards/marcxml/schema/MARC21slim.xsd"
    xmlns="http://www.loc.gov/MARC21/slim">

  <leader>02423nam0a2200397   4500</leader>
  <controlfield tag="001">RU\NLR\bibl\1001233</controlfield>
  <controlfield tag="005">20260408070707.0</controlfield>
  <datafield tag="010" ind1=" " ind2=" ">
    <subfield code="a">5-7444-1820-2</subfield>
    <subfield code="9">500</subfield>
  </datafield>
  <datafield tag="021" ind1=" " ind2=" ">
    <subfield code="a">RU</subfield>
    <subfield code="b">2006-55419</subfield>
    <subfield code="9">2745</subfield>
  </datafield>
  <datafield tag="035" ind1=" " ind2=" ">
    <subfield code="a">(nilc)RSL-KNO-002939205</subfield>
  </datafield>
  <datafield tag="035" ind1=" " ind2=" ">
    <subfield code="a">(NLR Aleph) 000988947</subfield>
  </datafield>
  <datafield tag="090" ind1=" " ind2=" ">
    <subfield code="a">506532</subfield>
    <subfield code="c">506532</subfield>
  </datafield>
  <datafield tag="100" ind1=" " ind2=" ">
    <subfield code="a">20060920d2006    |||y0rusy50      ca</subfield>
  </datafield>
  <datafield tag="101" ind1="0" ind2=" ">
    <subfield code="a">rus</subfield>
  </datafield>
  <datafield tag="102" ind1=" " ind2=" ">
    <subfield code="a">RU</subfield>
  </datafield>
  <datafield tag="105" ind1=" " ind2=" ">
    <subfield code="a">a   |||||||||</subfield>
  </datafield>
  <datafield tag="200" ind1="1" ind2=" ">
    <subfield code="a">&#x412;&#x44B;&#x437;&#x43E;&#x432;&#x44B; &#x431;&#x435;&#x437;&#x43E;&#x43F;&#x430;&#x441;&#x43D;&#x43E;&#x441;&#x442;&#x438; &#x432; &#x410;&#x437;&#x438;&#x430;&#x442;&#x441;&#x43A;&#x43E;-&#x422;&#x438;&#x445;&#x43E;&#x43E;&#x43A;&#x435;&#x430;&#x43D;&#x441;&#x43A;&#x43E;&#x43C; &#x440;&#x435;&#x433;&#x438;&#x43E;&#x43D;&#x435;</subfield>
    <subfield code="e">&#x432;&#x437;&#x433;&#x43B;&#x44F;&#x434; &#x438;&#x437; &#x420;&#x43E;&#x441;&#x441;&#x438;&#x438; &#x438; &#x421;&#x428;&#x410;</subfield>
    <subfield code="e">[&#x441;&#x431;&#x43E;&#x440;&#x43D;&#x438;&#x43A;</subfield>
    <subfield code="f">&#x41C;-&#x432;&#x43E; &#x43E;&#x431;&#x440;&#x430;&#x437;&#x43E;&#x432;&#x430;&#x43D;&#x438;&#x44F; &#x438; &#x43D;&#x430;&#x443;&#x43A;&#x438; &#x420;&#x43E;&#x441;. &#x424;&#x435;&#x434;&#x435;&#x440;&#x430;&#x446;&#x438;&#x438;, "&#x418;&#x41D;&#x41E;&#x426;&#x415;&#x41D;&#x422;&#x420; (&#x418;&#x43D;&#x444;&#x43E;&#x440;&#x43C;&#x430;&#x446;&#x438;&#x44F;. &#x41D;&#x430;&#x443;&#x43A;&#x430;. &#x41E;&#x431;&#x440;&#x430;&#x437;&#x43E;&#x432;&#x430;&#x43D;&#x438;&#x435;)" &#x438; &#x434;&#x440;.</subfield>
    <subfield code="g">&#x440;&#x435;&#x434;&#x43A;&#x43E;&#x43B;.: ... &#x410;.&#x41B;. &#x41B;&#x443;&#x43A;&#x438;&#x43D;, &#x43A;.&#x43F;.&#x43D;. (&#x43E;&#x442;&#x432;. &#x440;&#x435;&#x434;.), &#x420;. &#x410;&#x437;&#x438;&#x437;&#x44F;&#x43D;, &#x43F;&#x440;&#x43E;&#x444;.]</subfield>
  </datafield>
  <datafield tag="210" ind1=" " ind2=" ">
    <subfield code="a">&#x412;&#x43B;&#x430;&#x434;&#x438;&#x432;&#x43E;&#x441;&#x442;&#x43E;&#x43A;</subfield>
    <subfield code="c">&#x418;&#x437;&#x434;-&#x432;&#x43E; &#x414;&#x430;&#x43B;&#x44C;&#x43D;&#x435;&#x432;&#x43E;&#x441;&#x442;&#x43E;&#x447;&#x43D;&#x43E;&#x433;&#x43E; &#x443;&#x43D;&#x438;&#x432;&#x435;&#x440;&#x441;&#x438;&#x442;&#x435;&#x442;&#x430;</subfield>
    <subfield code="d">2006</subfield>
  </datafield>
  <datafield tag="215" ind1=" " ind2=" ">
    <subfield code="a">230, [1] &#x441;.</subfield>
    <subfield code="c">&#x438;&#x43B;.</subfield>
    <subfield code="d">20</subfield>
  </datafield>
  <datafield tag="225" ind1="1" ind2=" ">
    <subfield code="a">&#x41C;&#x435;&#x436;&#x440;&#x435;&#x433;&#x438;&#x43E;&#x43D;&#x430;&#x43B;&#x44C;&#x43D;&#x44B;&#x435; &#x438;&#x441;&#x441;&#x43B;&#x435;&#x434;&#x43E;&#x432;&#x430;&#x43D;&#x438;&#x44F; &#x432; &#x43E;&#x431;&#x449;&#x435;&#x441;&#x442;&#x432;&#x435;&#x43D;&#x43D;&#x44B;&#x445; &#x43D;&#x430;&#x443;&#x43A;&#x430;&#x445;</subfield>
    <subfield code="e">&#x41C;&#x418;&#x41E;&#x41D;</subfield>
  </datafield>
  <datafield tag="225" ind1="1" ind2=" ">
    <subfield code="a">&#x41C;&#x43E;&#x43D;&#x43E;&#x433;&#x440;&#x430;&#x444;&#x438;&#x438;</subfield>
    <subfield code="v">&#x432;&#x44B;&#x43F;. 4</subfield>
  </datafield>
  <datafield tag="300" ind1=" " ind2=" ">
    <subfield code="a">&#x412; &#x43D;&#x430;&#x434;&#x437;&#x430;&#x433;. &#x442;&#x430;&#x43A;&#x436;&#x435;: &#x418;&#x43D;-&#x442; &#x438;&#x43C;. &#x41A;&#x435;&#x43D;&#x43D;&#x430;&#x43D;&#x430; &#x426;&#x435;&#x43D;&#x442;&#x440;&#x430; &#x412;&#x443;&#x434;&#x440;&#x43E; &#x412;&#x438;&#x43B;&#x44C;&#x441;&#x43E;&#x43D;&#x430; (&#x421;&#x428;&#x410;), &#x41A;&#x43E;&#x440;&#x43F;&#x43E;&#x440;&#x430;&#x446;&#x438;&#x44F; &#x41A;&#x430;&#x440;&#x43D;&#x435;&#x433;&#x438; &#x432; &#x41D;&#x44C;&#x44E; &#x419;&#x43E;&#x440;&#x43A;&#x435; (&#x421;&#x428;&#x410;), &#x424;&#x43E;&#x43D;&#x434; &#x414;&#x436;&#x43E;&#x43D;&#x430; &#x414;. &#x438; &#x41A;&#x44D;&#x442;&#x440;&#x438;&#x43D; &#x422;. &#x41C;&#x430;&#x43A;&#x410;&#x440;&#x442;&#x443;&#x440;&#x43E;&#x432; (&#x421;&#x428;&#x410;)</subfield>
  </datafield>
  <datafield tag="320" ind1=" " ind2=" ">
    <subfield code="a">&#x411;&#x438;&#x431;&#x43B;&#x438;&#x43E;&#x433;&#x440;. &#x432; &#x43F;&#x43E;&#x434;&#x441;&#x442;&#x440;&#x43E;&#x447;. &#x43F;&#x440;&#x438;&#x43C;&#x435;&#x447;.</subfield>
  </datafield>
  <datafield tag="607" ind1=" " ind2=" ">
    <subfield code="a">&#x410;&#x437;&#x438;&#x430;&#x442;&#x441;&#x43A;&#x43E;-&#x422;&#x438;&#x445;&#x43E;&#x43E;&#x43A;&#x435;&#x430;&#x43D;&#x441;&#x43A;&#x438;&#x435; &#x441;&#x442;&#x440;&#x430;&#x43D;&#x44B;</subfield>
    <subfield code="j">&#x421;&#x431;&#x43E;&#x440;&#x43D;&#x438;&#x43A;&#x438;</subfield>
    <subfield code="x">&#x412;&#x43D;&#x435;&#x448;&#x43D;&#x44F;&#x44F; &#x43F;&#x43E;&#x43B;&#x438;&#x442;&#x438;&#x43A;&#x430;</subfield>
    <subfield code="z">1990 - 2000-&#x44B;&#x435; &#x433;&#x433;.</subfield>
    <subfield code="9">2261461</subfield>
    <subfield code="3">RU\NLR\auth\661355909</subfield>
  </datafield>
  <datafield tag="686" ind1=" " ind2=" ">
    <subfield code="a">&#x422;3(54)63-6&#x44F;43</subfield>
  </datafield>
  <datafield tag="686" ind1="1" ind2=" ">
    <subfield code="a">&#x422;3(575)63-6&#x44F;43</subfield>
  </datafield>
  <datafield tag="702" ind1=" " ind2="1">
    <subfield code="a">&#x41B;&#x443;&#x43A;&#x438;&#x43D;</subfield>
    <subfield code="b">&#x410;. &#x41B;.</subfield>
    <subfield code="g">&#x410;&#x440;&#x442;&#x435;&#x43C; &#x41B;&#x435;&#x43E;&#x43D;&#x438;&#x434;&#x43E;&#x432;&#x438;&#x447;</subfield>
    <subfield code="4">340</subfield>
  </datafield>
  <datafield tag="712" ind1="0" ind2="2">
    <subfield code="4">570</subfield>
    <subfield code="a">"&#x418;&#x41D;&#x41E;-&#x426;&#x435;&#x43D;&#x442;&#x440; (&#x418;&#x43D;&#x444;&#x43E;&#x440;&#x43C;&#x430;&#x446;&#x438;&#x44F;. &#x41D;&#x430;&#x443;&#x43A;&#x430;. &#x41E;&#x431;&#x440;&#x430;&#x437;&#x43E;&#x432;&#x430;&#x43D;&#x438;&#x435;)", &#x430;&#x432;&#x442;&#x43E;&#x43D;&#x43E;&#x43C;&#x43D;&#x430;&#x44F; &#x43D;&#x435;&#x43A;&#x43E;&#x43C;&#x43C;&#x435;&#x440;&#x447;&#x435;&#x441;&#x43A;&#x430;&#x44F; &#x43E;&#x440;&#x433;&#x430;&#x43D;&#x438;&#x437;&#x430;&#x446;&#x438;&#x44F;</subfield>
    <subfield code="c">&#x41C;&#x43E;&#x441;&#x43A;&#x432;&#x430;</subfield>
    <subfield code="3">RU\NLR\AUTH\8810044940</subfield>
    <subfield code="9">589306</subfield>
  </datafield>
  <datafield tag="712" ind1="0" ind2="2">
    <subfield code="4">570</subfield>
    <subfield code="a">&#x418;&#x43D;&#x441;&#x442;&#x438;&#x442;&#x443;&#x442; &#x43F;&#x435;&#x440;&#x441;&#x43F;&#x435;&#x43A;&#x442;&#x438;&#x432;&#x43D;&#x44B;&#x445; &#x440;&#x43E;&#x441;&#x441;&#x438;&#x439;&#x441;&#x43A;&#x438;&#x445; &#x438;&#x441;&#x441;&#x43B;&#x435;&#x434;&#x43E;&#x432;&#x430;&#x43D;&#x438;&#x439; &#x438;&#x43C;. &#x414;. &#x41A;&#x435;&#x43D;&#x43D;&#x430;&#x43D;&#x430;</subfield>
    <subfield code="c">&#x412;&#x430;&#x448;&#x438;&#x43D;&#x433;&#x442;&#x43E;&#x43D;</subfield>
    <subfield code="3">RU\NLR\AUTH\889996922</subfield>
    <subfield code="9">491083</subfield>
  </datafield>
  <datafield tag="801" ind1=" " ind2="0">
    <subfield code="a">RU</subfield>
    <subfield code="b">&#x420;&#x41A;&#x41F;</subfield>
    <subfield code="c">20060920</subfield>
    <subfield code="g">rcr</subfield>
  </datafield>
  <datafield tag="801" ind1=" " ind2="1">
    <subfield code="a">RU</subfield>
    <subfield code="b">&#x420;&#x413;&#x411;</subfield>
    <subfield code="c">20060920</subfield>
  </datafield>
  <datafield tag="801" ind1=" " ind2="2">
    <subfield code="a">RU</subfield>
    <subfield code="b">NLR</subfield>
    <subfield code="c">20061025</subfield>
    <subfield code="g">rcr</subfield>
  </datafield>
  <datafield tag="942" ind1=" " ind2=" ">
    <subfield code="c">BOOK</subfield>
  </datafield>
  <datafield tag="980" ind1=" " ind2=" ">
    <subfield code="a">NB</subfield>
  </datafield>
  <datafield tag="995" ind1=" " ind2=" ">
    <subfield code="5">2006-10-25</subfield>
    <subfield code="a">ad</subfield>
    <subfield code="b">NLR01</subfield>
    <subfield code="c">NLR01</subfield>
    <subfield code="e">RF3</subfield>
    <subfield code="f">1-408403</subfield>
    <subfield code="k">2006-3/28589</subfield>
    <subfield code="o">0</subfield>
    <subfield code="r">BOOK</subfield>
    <subfield code="s">2006328589_</subfield>
  </datafield>
  <datafield tag="995" ind1=" " ind2=" ">
    <subfield code="5">2006-10-25</subfield>
    <subfield code="a">ad</subfield>
    <subfield code="b">NLR01</subfield>
    <subfield code="c">NLR01</subfield>
    <subfield code="e">RF3</subfield>
    <subfield code="f">2286929</subfield>
    <subfield code="k">2006-3/28589</subfield>
    <subfield code="o">0</subfield>
    <subfield code="r">BOOK</subfield>
    <subfield code="s">2006328589_</subfield>
  </datafield>
</record>
